[Event "Marburg op-A"]
[Site "Marburg"]
[Date "2023.10.27"]
[Round "2"]
[White "Hassler, Rolf"]
[Black "Schmieder, Stefan"]
[Result "1/2-1/2"]
[WhiteElo "1692"]
[BlackElo "1862"]
[PlyCount "73"]
[EventDate "2023.10.26"]
[EventType "swiss"]
[EventRounds "7"]
[EventCountry "GER"]
[SourceTitle "CB49_2023"]
[SourceDate "2023.12.06"]
[SourceVersion "1"]
[SourceVersionDate "2023.12.06"]
[SourceQuality "1"]

1. e4 e5 2. Nf3 Nc6 3. Bc4 Bc5 4. d3 Nf6 5. 0-0 d6 6. h3 a6 7. a3 h6 8. b4 Ba7 9. Nc3 0-0 10. b5 axb5 11. Nxb5 Bb6 12. a4 Re8 13. c3 Be6 14. Bxe6 Rxe6 15. c4 Nd7 16. Nc3 Ra6 17. Be3 Bxe3 18. fxe3 Nc5 19. Nb5 Re8 20. Ne1 Qd7 21. Rf2 Rea8 22. Nc3 Nd8 23. Rfa2 b6 24. d4 exd4 25. exd4 Nce6 26. Nf3 Nb7 27. e5 dxe5 28. d5 Nec5 29. Nxe5 Qe8 30. Re2 Qf8 31. Nb5 Nxa4 32. Rb1 Qc5+ 33. Kh1 Nd6 34. Nd7 Qxc4 35. Rc2 Qf4 36. Nxc7 Ne4 37. Nxa6 1/2-1/2

[Event "Wiesbaden op 31st"]
[Site "Wiesbaden"]
[Date "2019.08.24"]
[Round "4"]
[White "Schmieder, Stefan"]
[Black "Breitbach, Stephan"]
[Result "1/2-1/2"]
[WhiteElo "1847"]
[BlackElo "1653"]
[PlyCount "55"]
[EventDate "2019.08.22"]
[EventType "swiss"]
[EventRounds "7"]
[EventCountry "GER"]
[SourceTitle "EXT 2020"]
[Source "ChessBase"]
[SourceDate "2019.10.17"]
[SourceVersion "1"]
[SourceVersionDate "2019.10.17"]
[SourceQuality "1"]

1. e4 c6 2. Nf3 d5 3. Nc3 Bg4 4. h3 Bh5 5. exd5 cxd5 6. g4 Bg6 7. Ne5 Nf6 8. Nxg6 hxg6 9. d4 a6 10. Bg2 e6 11. a3 Nc6 12. Bg5 Qb6 13. 0-0 Qxd4 14. Qe2 Qe5 15. Qxe5 Nxe5 16. Rfe1 Bd6 17. Bxf6 gxf6 18. Nxd5 exd5 19. f4 0-0-0 20. fxe5 Bxe5 21. c3 d4 22. Rad1 dxc3 23. bxc3 Rxd1 24. Rxd1 b6 25. a4 Rd8 26. Rxd8+ Kxd8 27. Bb7 a5 28. c4 1/2-1/2

[Event "Wiesbaden op 31st"]
[Site "Wiesbaden"]
[Date "2019.08.22"]
[Round "1"]
[White "Neukirchner, Pascal"]
[Black "Schmieder, Stefan"]
[Result "1-0"]
[WhiteElo "2328"]
[BlackElo "1847"]
[PlyCount "65"]
[EventDate "2019.08.22"]
[EventType "swiss"]
[EventRounds "7"]
[EventCountry "GER"]
[SourceTitle "EXT 2020"]
[Source "ChessBase"]
[SourceDate "2019.10.17"]
[SourceVersion "1"]
[SourceVersionDate "2019.10.17"]
[SourceQuality "1"]

1. Nf3 Nf6 2. g3 g6 3. b3 Bg7 4. Bb2 d5 5. c4 c6 6. Bg2 0-0 7. 0-0 Bf5 8. d3 Qc8 9. Re1 Rd8 10. Nbd2 Bh3 11. Bh1 Bg4 12. Qc2 Na6 13. a3 Qf5 14. Rac1 Rac8 15. b4 Nc7 16. c5 Ne6 17. Nb3 Bxf3 18. exf3 d4 19. Na5 Rc7 20. Nc4 Nd5 21. f4 Nexf4 22. gxf4 Qg4+ 23. Bg2 Nxf4 24. f3 Qh4 25. Rcd1 Rd5 26. Bc1 Bh6 27. Qf2 Qh5 28. Re4 e5 29. Nxe5 Rxe5 30. Rxf4 Bxf4 31. Bxf4 Rce7 32. Bxe5 Qxe5 33. f4 1-0

[Event "Eschborn op"]
[Site "Eschborn"]
[Date "2019.08.18"]
[Round "4.25"]
[White "Schmieder, Stefan"]
[Black "Muegendt, Brian Christopher"]
[Result "1-0"]
[WhiteElo "1722"]
[BlackElo "1672"]
[PlyCount "79"]
[EventDate "2019.08.16"]
[EventType "swiss"]
[EventRounds "5"]
[EventCountry "GER"]
[SourceTitle "EXT 2024"]
[Source "ChessBase"]
[SourceDate "2023.10.10"]
[SourceVersion "1"]
[SourceVersionDate "2023.10.10"]
[SourceQuality "1"]

1. e4 e6 2. d4 d5 3. Nd2 c5 4. exd5 exd5 5. Ngf3 Nf6 6. Bb5+ Nc6 7. 0-0 Be7 8. dxc5 Bxc5 9. Re1+ Be6 10. Nb3 Qb6 11. Nxc5 Qxc5 12. Bxc6+ bxc6 13. Nd4 0-0 14. Rxe6 fxe6 15. Nxe6 Qd6 16. Nxf8 Rxf8 17. Be3 Rf7 18. Qd4 Qc7 19. Rc1 Qa5 20. a3 Rc7 21. Qb4 Qb5 22. c4 Qxb4 23. axb4 dxc4 24. Rxc4 Nd5 25. b5 Ne7 26. Kf1 Kf7 27. Bg5 Rc8 28. Bxe7 Kxe7 29. bxc6 Rc7 30. Ke2 Kd6 31. Kd3 Kd5 32. b4 a6 33. Rc5+ Kd6 34. Kd4 g6 35. Rd5+ Ke6 36. Kc5 Rf7 37. Rd6+ Ke5 38. Rd8 Ke6 39. Re8+ Kf6 40. Kd6 1-0

[Event "Frankfurt-chA"]
[Site "Frankfurt"]
[Date "2017.05.02"]
[Round "2"]
[White "Moritz, Dennis"]
[Black "Schmieder, Stefan"]
[Result "0-1"]
[WhiteElo "1526"]
[BlackElo "1709"]
[PlyCount "72"]
[EventDate "2017.04.24"]
[EventType "swiss"]
[EventRounds "7"]
[EventCountry "GER"]
[SourceTitle "EXT 2018"]
[Source "ChessBase"]
[SourceDate "2017.10.13"]
[SourceVersion "1"]
[SourceVersionDate "2017.10.13"]
[SourceQuality "1"]

1. d4 d5 2. c4 e6 3. Nc3 Nf6 4. cxd5 exd5 5. Bg5 Be7 6. e3 c6 7. Bd3 Nbd7 8. Nge2 0-0 9. Qc2 Re8 10. 0-0 h6 11. Bh4 Ne4 12. Bg3 Nxg3 13. Nxg3 Nf6 14. a3 Be6 15. b4 a6 16. Nge2 Bd6 17. f3 Qc7 18. e4 dxe4 19. fxe4 Bxh2+ 20. Kh1 Ng4 21. Rf3 Rad8 22. e5 Qe7 23. Ne4 Bd5 24. Bc4 Qh4 25. Rh3 Qxh3 26. gxh3 Bxe4+ 27. Qxe4 Nf2+ 28. Kxh2 Nxe4 29. Rf1 Ng5 30. Rd1 Rxe5 31. h4 Ne6 32. Rf1 Re4 33. Kg3 Re3+ 34. Kg2 Rxa3 35. Bxe6 fxe6 36. Nf4 Rf8 0-1

[Event "Wiesbaden op 28th"]
[Site "Wiesbaden"]
[Date "2016.08.26"]
[Round "2"]
[White "Koellner, Felicitas Ophelia"]
[Black "Schmieder, Stefan"]
[Result "0-1"]
[WhiteElo "1600"]
[BlackElo "1796"]
[PlyCount "106"]
[EventDate "2016.08.25"]
[EventType "swiss"]
[EventRounds "7"]
[EventCountry "GER"]
[SourceTitle "CBM 174 Extra"]
[Source "ChessBase"]
[SourceDate "2016.10.10"]
[SourceVersion "1"]
[SourceVersionDate "2016.10.10"]
[SourceQuality "1"]

1. d4 d5 2. Nf3 Nf6 3. e3 e6 4. Bd3 c6 5. Nbd2 Nbd7 6. 0-0 Bd6 7. Re1 0-0 8. e4 dxe4 9. Nxe4 Nxe4 10. Bxe4 Nf6 11. Bd3 h6 12. c3 b6 13. Ne5 Bb7 14. h3 Qc7 15. Qe2 c5 16. dxc5 Qxc5 17. Nf3 Rad8 18. Be3 Qc7 19. Rad1 Nd5 20. Nd4 Bf4 21. Bxf4 Nxf4 22. Qe5 Qxe5 23. Rxe5 Bxg2 24. h4 Nxd3 25. Rxd3 Bb7 26. Re1 Rd5 27. Red1 Rfd8 28. R3d2 e5 29. Nb3 Rxd2 30. Rxd2 Rxd2 31. Nxd2 f6 32. Kf1 Kf7 33. Ke2 Kg6 34. b4 Kh5 35. c4 Kxh4 36. c5 Kg4 37. a4 bxc5 38. bxc5 h5 39. Nb3 Ba6+ 40. Ke3 h4 41. c6 h3 42. c7 h2 43. Nc5 Bc8 44. f3+ Kh4 45. Ne4 h1Q 46. a5 Qe1+ 47. Kd3 Qxa5 48. Ke3 Qxc7 49. Kd2 f5 50. Nf2 Ba6 51. Ke1 Qc3+ 52. Kd1 Qxf3+ 53. Ke1 Qe2# 0-1